000 00820nam a2200253 a 4500
001 BRL_1593
005 20190320211258.0
008 090414s1970----mx-ao#####---#000-0#spa-#
041 _aspa
044 _amx
050 4 _aF1219.3
_b.W47 1970
100 1 _aWestheim, Paul
_96016
245 1 0 _aArte antiguo de México
_cPaul Westheim ; traducción del alemán Mariana Frenk.
260 _aMéxico
_bEdiciones Era
_c1970
300 _a439 p.
_bil. (algunas a color), fotografías
_c22 cm.
440 0 _aBiblioteca Era.
_pSerie Mayor
_926405
500 _aAu385
500 _aVer también número de sistema 374 perteneciente al Fondo Ruth D. Lechuga
650 1 4 _aArte indígena
_zMéxico
_9597
651 4 _aMéxico
_xAntigüedades
_92765
700 1 _aFrenk, Mariana
_etr.
_927386
902 _aGRL
942 _2lcc
_cB
999 _c10402
_d10402